000 00386nam a2200133Ia 4500
008 211109s9999||||xx |||||||||||||| ||und||
082 _a823.3
_bBAS.V
100 _aBasheer, Vaikom Muhammad
245 0 _aPoovan Banana
260 _bOrient Blackswan
_aNew Delhi
_c1994
630 _xGeneral stack
650 _aEnglish literatures
_vEnglish fiction
_xEnglish NovelMalayalam
942 _cBOOK
999 _c54361
_d54361